Sports Quiz

Random Sports or NBA Quiz
Score 0/89 Timer 10:00
0 Plays Today
Year Player % Correct
2017-18Karl-Anthony Towns
89.2%
1989-90Buck Johnson
85.1%
1986-87Karl Malone
84%
1987-88Karl Malone
84%
1990-91Karl Malone
84%
1995-96Karl Malone
84%
1984-85Michael Jordan
79.4%
2008-09Marc Gasol
78.9%
1984-85Hakeem Olajuwon
78.4%
1988-89Hakeem Olajuwon
78.4%
1989-90Hakeem Olajuwon
78.4%
1992-93Hakeem Olajuwon
78.4%
1987-88Patrick Ewing
75.8%
1989-90Patrick Ewing
75.8%
2010-11Serge Ibaka
75.3%
2005-06Dwight Howard
74.7%
1984-85Buck Williams
73.2%
1985-86Buck Williams
73.2%
1987-88Dennis Rodman
73.2%
1988-89Dennis Rodman
73.2%
1989-90Dennis Rodman
73.2%
1989-90Buck Williams
73.2%
1992-93Buck Williams
73.2%
1993-94Reggie Williams
73.2%
2000-01Aaron Williams
73.2%
1995-96David Robinson
72.7%
2000-01Clifford Robinson
72.7%
1990-91Scottie Pippen
70.6%
2001-02Kurt Thomas
70.1%
1984-85Bill Laimbeer
69.1%
Year Player % Correct
1985-86Bill Laimbeer
69.1%
1986-87Bill Laimbeer
69.1%
1994-95Shawn Kemp
68%
1999-00Shawn Kemp
68%
1994-95Michael Smith
66%
1986-87Clyde Drexler
62.9%
1984-85Charles Barkley
59.3%
2000-01Paul Pierce
59.3%
1983-84Ralph Sampson
53.6%
1984-85Ralph Sampson
53.6%
1986-87Charles Oakley
53.1%
1988-89Charles Oakley
53.1%
1993-94Charles Oakley
53.1%
1983-84Alex English
52.1%
1999-00Vince Carter
50.5%
1992-93Vlade Divac
47.4%
2005-06Andrew Bogut
44.8%
1983-84Michael Cooper
44.3%
1983-84Jack Sikma
41.2%
1986-87Jack Sikma
41.2%
1987-88Jack Sikma
41.2%
1986-87Terry Cummings
38.1%
1987-88Otis Thorpe
37.1%
1991-92Otis Thorpe
37.1%
2006-07Nick Collison
35.1%
1992-93Detlef Schrempf
34%
2007-08Samuel Dalembert
33.5%
1984-85LaSalle Thompson
32.5%
1985-86Mychal Thompson
32.5%
1986-87LaSalle Thompson
32.5%
Year Player % Correct
1997-98Rick Fox
32%
2009-10Paul Millsap
31.4%
1991-92Danny Manning
30.4%
1986-87Tom Chambers
29.9%
1987-88Tom Chambers
29.9%
1986-87Jerome Kersey
29.4%
1997-98Zydrunas Ilgauskas
26.3%
1988-89Grant Long
25.3%
1995-96Elden Campbell
23.7%
1985-86Xavier McDaniel
23.2%
1986-87Xavier McDaniel
23.2%
1983-84Rick Mahorn
21.6%
1996-97Christian Laettner
20.1%
1999-00Christian Laettner
20.1%
2002-03Corliss Williamson
17%
1999-00Othella Harrington
12.9%
2002-03Al Harrington
12.9%
1983-84Alton Lister
11.9%
1988-89Alton Lister
11.9%
1985-86Jon Koncak
11.3%
1988-89Robert Reid
10.8%
1999-00Olden Polynice
10.3%
2000-01Bruce Bowen
9.8%
2003-04Raja Bell
9.3%
1995-96Danny Ferry
8.8%
1999-00Rodney Rogers
6.7%
1994-95Todd Day
6.2%
1994-95Andrew Lang
3.6%
1985-86Roy Hinson
2.6%
Remove Ads.
Support Sporcle.
Get the best of Sporcle when you Go Orange. This ad-free experience offers more features, more stats, and more fun while also helping to support Sporcle. Thank you for becoming a member.

You're not logged in!

Compare scores with friends on all Sporcle quizzes.
OR
Log In

Show Comments

Extras

Top Quizzes Today


Score Distribution

Your Account Isn't Verified!

In order to create a playlist on Sporcle, you need to verify the email address you used during registration. Go to your Sporcle Settings to finish the process.

Report this User

Report this user for behavior that violates our Community Guidelines.

Details: